[Event "Amsterdam Science Park op-A 1st"]
[Site "Amsterdam"]
[Date "2011.07.12"]
[Round "4"]
[White "Hendrikx, Niels"]
[Black "Go, Benjamin"]
[Result "0-1"]
[WhiteElo "2246"]
[BlackElo "2124"]
[PlyCount "76"]
[EventDate "2011.07.09"]
[EventType "swiss"]
[EventRounds "9"]
[EventCountry "NED"]
[SourceTitle "CBM 143 Extra"]
[Source "ChessBase"]
[SourceDate "2011.08.29"]
[SourceVersion "1"]
[SourceVersionDate "2011.08.29"]
[SourceQuality "1"]

1. e4 e5 2. f4 exf4 3. Nf3 d6 4. Bc4 h6 5. b3 Bg4 6. 0-0 Nc6 7. d4 g5 8. Bb2 Bg7 9. c3 Nf6 10. Nbd2 0-0 11. Bd3 Bh5 12. h3 Re8 13. b4 Bg6 14. Qc2 Nh5 15. b5 Nb8 16. c4 Nd7 17. Rfe1 Ng3 18. Rad1 a6 19. a4 axb5 20. axb5 c5 21. bxc6 bxc6 22. Ra1 Rxa1 23. Rxa1 Qb6 24. Bc3 Rb8 25. Kh2 Qc7 26. Ba5 Qc8 27. Bc3 Qd8 28. Ra6 Rc8 29. e5 Bxd3 30. Qxd3 dxe5 31. dxe5 Nxe5 32. Qxd8+ Rxd8 33. Bxe5 Bxe5 34. Rxc6 Bc3 35. Nb3 Rd1 36. Ng1 Be1 37. h4 Bf2 38. Kh3 f5 0-1

[Event "Amsterdam Science Park op-A 1st"]
[Site "Amsterdam"]
[Date "2011.07.09"]
[Round "1"]
[White "Losekoot, Pascal"]
[Black "Hendrikx, Niels"]
[Result "0-1"]
[WhiteElo "2060"]
[BlackElo "2246"]
[PlyCount "102"]
[EventDate "2011.07.09"]
[EventType "swiss"]
[EventRounds "9"]
[EventCountry "NED"]
[SourceTitle "CBM 143 Extra"]
[Source "ChessBase"]
[SourceDate "2011.08.29"]
[SourceVersion "1"]
[SourceVersionDate "2011.08.29"]
[SourceQuality "1"]

1. e4 e6 2. d4 d5 3. Nd2 Nf6 4. e5 Nfd7 5. Bd3 c5 6. c3 Nc6 7. Ngf3 Qb6 8. 0-0 cxd4 9. cxd4 Nxd4 10. Nxd4 Qxd4 11. Nf3 Qb6 12. Qa4 Qb4 13. Qc2 h6 14. a3 Qa5 15. Bd2 Qd8 16. Qa4 b6 17. Rac1 a6 18. Nd4 Bc5 19. Nxe6 fxe6 20. Bg6+ Kf8 21. Qf4+ Nf6 22. b4 Be7 23. exf6 Bxf6 24. Rfe1 Bd7 25. Qd6+ Be7 26. Qf4+ Bf6 27. Qd6+ Be7 28. Qg3 Bf6 29. Bf4 Kg8 30. Bc7 Qe7 31. Bxb6 e5 32. Qd3 Be6 33. Rc6 e4 34. Qb3 Re8 35. Rec1 Be5 36. Bc7 Bf7 37. Bxf7+ Qxf7 38. Bxe5 Rxe5 39. Rc7 Qf5 40. Ra7 Kh7 41. Rxa6 d4 42. Qg3 e3 43. fxe3 Rxe3 44. Rxh6+ Kxh6 45. Qh4+ Qh5 46. Qxd4 Rhe8 47. Rf1 Qg5 48. h4 Qe5 49. Qb6+ Re6 50. Qd8 Re1 51. Qh8+ Kg6 0-1

[Event "Hilversum op"]
[Site "Hilversum"]
[Date "2011.06.24"]
[Round "2"]
[White "Hendrikx, Niels"]
[Black "Nikolic, Predrag"]
[Result "1/2-1/2"]
[WhiteElo "2246"]
[BlackElo "2630"]
[PlyCount "161"]
[EventDate "2011.06.24"]
[EventType "swiss"]
[EventRounds "6"]
[EventCountry "NED"]
[SourceTitle "CBM 143 Extra"]
[Source "ChessBase"]
[SourceDate "2011.08.29"]
[SourceVersion "1"]
[SourceVersionDate "2011.08.29"]
[SourceQuality "1"]

1. e4 e6 2. d4 d5 3. Nd2 a6 4. Ngf3 c5 5. exd5 exd5 6. dxc5 Bxc5 7. Nb3 Bb6 8. Be2 Nf6 9. 0-0 0-0 10. Nfd4 Ne4 11. c4 dxc4 12. Bxc4 Nd7 13. Bd3 Ndf6 14. Be3 Re8 15. Nc2 Bc7 16. Bxe4 Nxe4 17. Qxd8 Bxd8 18. Ncd4 Bd7 19. Rac1 Rc8 20. Rxc8 Bxc8 21. Rc1 Be7 22. Bf4 Nf6 23. Re1 Kf8 24. Re5 Rd8 25. Re2 Nd5 26. Be5 f6 27. Bg3 Kf7 28. Kf1 h5 29. h3 Bf8 30. Kg1 g5 31. a3 h4 32. Bh2 Bd7 33. Na5 Rc8 34. Rc2 Rxc2 35. Nxc2 b6 36. Nc4 Bf5 37. N2e3 Nxe3 38. Nxe3 Bd3 39. Nd5 Bc5 40. Bc7 b5 41. Ba5 Be4 42. Bb4 Ba7 43. Nc3 Bc6 44. Ne2 Bd5 45. Bc3 f5 46. Bd4 Bxd4 47. Nxd4 Kf6 48. f4 g4 49. g3 hxg3 50. h4 Kg6 51. Ne2 g2 52. Ng3 a5 53. Kf2 b4 54. axb4 axb4 55. Kg1 Kf6 56. Kf2 Bc6 57. Ne2 b3 58. Nd4 Bd5 59. Ne2 Kg6 60. Ng3 Bf3 61. Kg1 Kf6 62. Kf2 Ke6 63. Kg1 Bc6 64. Kf2 Ba8 65. Kg1 Kd5 66. Kxg2 Kd4+ 67. Kf2 Kd3 68. Nxf5 Ke4 69. Ne3 Kxf4 70. Nc4 g3+ 71. Kg1 Kg4 72. Nd2 Bd5 73. Nf1 Kxh4 74. Ne3 Be4 75. Nc4 Kg4 76. Nd2 Bd5 77. Nf1 Kf4 78. Nxg3 Ke3 79. Kf1 Kd2 80. Nf5 Kd3 81. Ke1 1/2-1/2

[Event "Dieren op"]
[Site "Dieren"]
[Date "2010.08.05"]
[Round "9"]
[White "Both, Erik"]
[Black "Hendrikx, Niels"]
[Result "0-1"]
[WhiteElo "2195"]
[BlackElo "2108"]
[PlyCount "72"]
[EventDate "2010.07.27"]
[EventType "swiss"]
[EventRounds "9"]
[EventCountry "NED"]
[SourceTitle "CBM 137 Extra"]
[Source "ChessBase"]
[SourceDate "2010.09.01"]
[SourceVersion "1"]
[SourceVersionDate "2010.09.01"]
[SourceQuality "1"]

1. e4 e6 2. d3 d5 3. Nd2 Nf6 4. g3 Be7 5. Bg2 c5 6. Ngf3 Nc6 7. 0-0 0-0 8. Re1 b6 9. e5 Nd7 10. Nf1 Re8 11. h4 f6 12. exf6 Nxf6 13. Bf4 Bd6 14. Ne5 Qc7 15. Ng4 Bxf4 16. Nxf6+ gxf6 17. Qg4+ Kh8 18. Qxf4 Qxf4 19. gxf4 Bb7 20. c3 f5 21. Rad1 Kg7 22. Rd2 Kf6 23. Rde2 Re7 24. Ne3 Rg8 25. Kh2 d4 26. Nc4 Rg4 27. Kh3 Rxg2 28. Kxg2 Ne5+ 29. Kf1 Nxd3 30. Ne5 Ba6 31. c4 Nxe1 32. Rxe1 Rg7 33. f3 b5 34. Nd3 Rc7 35. Re5 bxc4 36. Nxc5 Rxc5 0-1

[Event "Dieren op"]
[Site "Dieren"]
[Date "2010.07.27"]
[Round "1"]
[White "Hendrikx, Niels"]
[Black "Siebrecht, Sebastian"]
[Result "1-0"]
[WhiteElo "2108"]
[BlackElo "2417"]
[PlyCount "77"]
[EventDate "2010.07.27"]
[EventType "swiss"]
[EventRounds "9"]
[EventCountry "NED"]
[SourceTitle "CBM 137 Extra"]
[Source "ChessBase"]
[SourceDate "2010.09.01"]
[SourceVersion "1"]
[SourceVersionDate "2010.09.01"]
[SourceQuality "1"]

1. e4 c5 2. Nc3 e6 3. f4 Nc6 4. Nf3 a6 5. Be2 d6 6. 0-0 Nf6 7. a4 Be7 8. d3 0-0 9. Kh1 Rb8 10. Qe1 b5 11. axb5 axb5 12. e5 Ne8 13. Ne4 d5 14. Nf2 Nc7 15. Ng4 d4 16. Qg3 f5 17. exf6 Bxf6 18. Nxf6+ Qxf6 19. f5 e5 20. Bg5 Qd6 21. f6 Ne8 22. Nd2 Nxf6 23. Rxf6 gxf6 24. Bh6+ Kf7 25. Qg7+ Ke6 26. Qxf8 Qxf8 27. Bxf8 Nb4 28. Bxc5 Nxc2 29. Ra7 Bb7 30. Bf3 Bxf3 31. Nxf3 b4 32. Rxh7 Rb5 33. Bf8 Ra5 34. h4 Ra2 35. h5 Rxb2 36. Re7+ Kf5 37. h6 Ne3 38. h7 Rb1+ 39. Ng1 1-0

[Event "Hilversum op-A"]
[Site "Hilversum"]
[Date "2010.06.29"]
[Round "4"]
[White "Hendrikx, Niels"]
[Black "Van Engen, Herman J"]
[Result "1/2-1/2"]
[WhiteElo "2063"]
[BlackElo "2161"]
[PlyCount "91"]
[EventDate "2010.06.26"]
[EventType "swiss"]
[EventRounds "9"]
[EventCountry "NED"]
[SourceTitle "CBM 137 Extra"]
[Source "ChessBase"]
[SourceDate "2010.09.01"]
[SourceVersion "1"]
[SourceVersionDate "2010.09.01"]
[SourceQuality "1"]

1. e4 c5 2. Nc3 Nc6 3. f4 g6 4. Nf3 Bg7 5. a4 e6 6. Bc4 Nge7 7. Ba2 0-0 8. 0-0 a6 9. d3 d5 10. Qe2 d4 11. Nd1 b5 12. Nf2 Bd7 13. g4 Nb4 14. g5 Nxa2 15. Rxa2 h5 16. gxh6 Bxh6 17. Ng4 Bg7 18. Qg2 Re8 19. h4 Kf8 20. Kh1 Nc6 21. Rg1 Ke7 22. e5 Qc7 23. Nf2 Kd8 24. c3 dxc3 25. bxc3 b4 26. Ne4 Ne7 27. Nd6 Bc6 28. Nxe8 Kxe8 29. Kh2 Nf5 30. Qf2 Kd7 31. cxb4 Rh8 32. b5 axb5 33. axb5 Bxf3 34. Qxf3 Nxh4 35. Qc6+ Qxc6 36. bxc6+ Kxc6 37. Kg3 Nf5+ 38. Kf2 Rh3 39. Rd2 Nd4 40. Rg3 Rh4 41. Rd1 Bh6 42. Rf3 Rh2+ 43. Kg3 Nxf3 44. Kxf3 Kd5 45. Be3 Rh3+ 46. Ke2 1/2-1/2

[Event "Hilversum op-A"]
[Site "Hilversum"]
[Date "2010.06.26"]
[Round "1"]
[White "Steingrimsson, Hedinn"]
[Black "Hendrikx, Niels"]
[Result "1-0"]
[WhiteElo "2550"]
[BlackElo "2063"]
[PlyCount "61"]
[EventDate "2010.06.26"]
[EventType "swiss"]
[EventRounds "9"]
[EventCountry "NED"]
[SourceTitle "CBM 137 Extra"]
[Source "ChessBase"]
[SourceDate "2010.09.01"]
[SourceVersion "1"]
[SourceVersionDate "2010.09.01"]
[SourceQuality "1"]

1. c4 Nf6 2. Nc3 g6 3. e4 d6 4. d4 Bg7 5. Be2 0-0 6. Nf3 e5 7. 0-0 Nc6 8. d5 Ne7 9. Ne1 Nd7 10. Nd3 f5 11. Bd2 Nf6 12. f3 f4 13. c5 g5 14. Rc1 Ng6 15. g4 fxg3 16. hxg3 Qd7 17. Rf2 g4 18. fxg4 Nxg4 19. Rxf8+ Nxf8 20. c6 bxc6 21. dxc6 Qe6 22. Nd5 Nf6 23. Nxc7 Qh3 24. Qb3+ Be6 25. Nf2 Bxb3 26. Nxh3 Rc8 27. axb3 Rxc7 28. Ba5 Ne8 29. Bxc7 Nxc7 30. Bc4+ Kh8 31. Rd1 1-0